000 01163nam a22003137a 4500
001 5883
003 FISKH
005 20250131082111.0
008 250130b cb ||||| |||| 00| 0 eng d
020 _a9780448454382
040 _aFISKH
_beng
_cFISKH
_dFISKH
050 _aPZ8.M368 M
082 _a813.6
100 _aMarciano, Bemelmans John
_d(1970-)
245 _aMadeline and her dog /
_cwritten by john Bemelmans Marciano ; illustrated by JT Morrow ; based on the art of John Bemelmans Marciano
250 _aThis edition first published in 2011
260 _aNew York :
_bPenguin Young,
_c2011.
300 _a32 pages :
_bcolor illustrations ;
_c23 cm
490 _aPenguin young readers
_vProgressing reader level 2
505 _aE
520 _aAfter happily exploring garbage cans in the streets of Paris and pulling fish from the river, Genevieve, the puppy belonging to Madeline and the other orphans, receives an unwanted bath.
521 8 _a270
_bLexile
521 8 _aE
_bRaz-Plus
650 _2Responsibility
_aFiction
651 _2Upstairs
_aSchool
700 _aMorrow, JT
_dillustrator
942 _2ddc
_cBK
_n0
999 _c5883
_d5883